[Event "oibm_2008"]
[Site "Bad Wiessee"]
[Date "2008.11.08"]
[Round "8.27"]
[White "Tillmann, Markus"]
[Black "Forchert, Martin"]
[Result "0-1"]
[WhiteElo "2190"]
[BlackElo "2385"]
[PlyCount "96"]
[EventDate "2008.??.??"]

1. d4 d5 2. Nf3 Nf6 3. e3 g6 4. Bd3 Bg7 5. O-O O-O 6. Nbd2 Bf5 7. Ne5 Nbd7 8.
Ndf3 Nxe5 9. Nxe5 Nd7 10. Bxf5 Nxe5 11. Bh3 Nd7 12. b3 e5 13. Ba3 Re8 14. Rb1
exd4 15. exd4 Nf6 16. Qd3 c6 17. Bb2 Qa5 18. Bc3 Qb6 19. g3 Ne4 20. Bb2 Qa5 21.
f3 Nd6 22. a4 c5 23. Rbd1 c4 24. Qc3 Qxc3 25. Bxc3 cxb3 26. cxb3 Re3 27. Bb4
Nf5 28. Bxf5 gxf5 29. Bd6 Rxb3 30. Rb1 Bxd4+ 31. Kg2 Rxb1 32. Rxb1 b6 33. Rd1
Bf6 34. Kf2 Rd8 35. Ba3 Kg7 36. Ke3 Be5 37. Rc1 Re8 38. Kd3 f4 39. Re1 Re6 40.
g4 Bf6 41. Bb4 Rxe1 42. Bxe1 Be5 43. Bh4 Kf8 44. Be1 Ke7 45. Bb4+ Kd7 46. Bf8
Kc6 47. Be7 a5 48. Ba3 b5 0-1

[Event "oibm_2008"]
[Site "Bad Wiessee"]
[Date "2008.11.08"]
[Round "8.28"]
[White "Pohle, Dirk"]
[Black "Köpke, Christian"]
[Result "0-1"]
[WhiteElo "2173"]
[BlackElo "2356"]
[PlyCount "77"]
[EventDate "2008.??.??"]

1. e4 c5 2. Nf3 d6 3. Bb5+ Nd7 4. c4 Ngf6 5. Nc3 e6 6. O-O Be7 7. d4 cxd4 8.
Nxd4 O-O 9. Bxd7 Nxd7 10. b3 a6 11. Bb2 Qc7 12. Rc1 Re8 13. Kh1 Bf8 14. Qd3 b6
15. Qg3 Bb7 16. f4 Nc5 17. Rce1 Rad8 18. f5 e5 19. Nc2 Kh8 20. Nb4 b5 21. cxb5
axb5 22. Nbd5 Qd7 23. b4 Na4 24. Nxa4 bxa4 25. Rd1 Ba6 26. Rfe1 Qb7 27. Qa3 Bb5
28. Rc1 Rc8 29. Qe3 Bc6 30. Nb6 Rb8 31. Nc4 Bxe4 32. Qxe4 d5 33. Qh4 dxc4 34.
Bxe5 Rbc8 35. f6 g6 36. Bd6 Bxd6 37. Rxc4 Rxe1+ 38. Qxe1 Bf8 39. Re4 0-1

[Event "oibm_2008"]
[Site "Bad Wiessee"]
[Date "2008.11.08"]
[Round "8.29"]
[White "de Francesco, Klaus"]
[Black "Markl, Martin"]
[Result "1/2-1/2"]
[WhiteElo "2345"]
[BlackElo "2198"]
[PlyCount "60"]
[EventDate "2008.??.??"]

1. Nf3 Nf6 2. b4 a5 3. b5 c6 4. a4 d5 5. Bb2 Bg4 6. e3 Nbd7 7. d4 e6 8. Be2
Bb4+ 9. c3 Bd6 10. O-O O-O 11. c4 dxc4 12. bxc6 bxc6 13. Ne5 Bxe2 14. Qxe2 Qc7
15. f4 Nb6 16. Nd2 Bb4 17. Ndxc4 Nxc4 18. Qxc4 c5 19. f5 Nd5 20. fxe6 fxe6 21.
e4 cxd4 22. exd5 Qxe5 23. dxe6 Rxf1+ 24. Rxf1 Bd6 25. g3 Bc5 26. e7+ Kh8 27.
Rf8+ Rxf8 28. exf8=Q+ Bxf8 29. Bxd4 Qe1+ 30. Kg2 Qe4+ 1/2-1/2

[Event "oibm_2008"]
[Site "Bad Wiessee"]
[Date "2008.11.08"]
[Round "8.30"]
[White "Arnaudov, Petar G"]
[Black "Wichmann, Daniel"]
[Result "1/2-1/2"]
[WhiteElo "2344"]
[BlackElo "2197"]
[PlyCount "152"]
[EventDate "2008.??.??"]

1. d4 f5 2. g3 Nf6 3. Bg2 e6 4. c4 d5 5. Nh3 Be7 6. O-O O-O 7. b3 c6 8. Ba3
Bxa3 9. Nxa3 Qe7 10. Qc1 Nbd7 11. Nf4 dxc4 12. Nxc4 e5 13. dxe5 Nxe5 14. Rd1
Nf7 15. Qb2 Bd7 16. Rd3 Rad8 17. Re3 Ne4 18. Nh5 Qg5 19. Bf3 Bc8 20. a4 Rfe8
21. a5 Qh6 22. h4 Be6 23. Kg2 Re7 24. Rh1 Bd5 25. Nf4 Bxc4 26. bxc4 Ne5 27.
Bxe4 fxe4 28. Rxe4 Qd6 29. Nd3 Nxc4 30. Rxc4 Qd5+ 31. f3 Qxc4 32. Rc1 Qd4 33.
Qc2 Qe3 34. Nf4 Kh8 35. Qc4 Rd4 36. Qc5 Rxf4 37. Qxe3 Rxe3 38. gxf4 Rxe2+ 39.
Kg3 h6 40. a6 b6 41. Rxc6 Ra2 42. f5 Rxa6 43. Kg4 Ra1 44. Rc8+ Kh7 45. Rc7 Kg8
46. Rb7 Ra5 47. f4 Kf8 48. Rc7 a6 49. Rc8+ Kf7 50. Rc7+ Kg8 51. Rc8+ Kh7 52.
Rc7 Rc5 53. Ra7 a5 54. f6 h5+ 55. Kf3 Rf5 56. fxg7 Kg8 57. Rb7 a4 58. Ke4 Rf7
59. Rxb6 Ra7 60. Rb2 a3 61. Ra2 Kxg7 62. Kf5 Ra6 63. Kg5 Ra5+ 64. f5 Ra4 65.
f6+ Kf7 66. Kxh5 Kxf6 67. Rf2+ Ke5 68. Ra2 Kf5 69. Rf2+ Rf4 70. Rc2 Ra4 71.
Rf2+ Ke4 72. Ra2 Kf4 73. Kg6 Ra6+ 74. Kh5 Ra8 75. Kg6 Kg4 76. Kf6 Kxh4 1/2-1/2

[Event "oibm_2008"]
[Site "Bad Wiessee"]
[Date "2008.11.08"]
[Round "8.31"]
[White "Babar, Michael"]
[Black "Cordts, Ingo"]
[Result "1-0"]
[WhiteElo "2164"]
[BlackElo "2323"]
[PlyCount "111"]
[EventDate "2008.??.??"]

1. c4 c5 2. g3 Nf6 3. Nc3 d5 4. cxd5 Nxd5 5. Bg2 Nc7 6. Nf3 Nc6 7. O-O e5 8. d3
Be7 9. Be3 Ne6 10. Rc1 Bd7 11. Nd5 Ned4 12. Nxd4 exd4 13. Bf4 Rc8 14. e4 O-O
15. a3 Be6 16. Qh5 f6 17. Nxe7+ Qxe7 18. Qxc5 Qxc5 19. Rxc5 Ne5 20. Bxe5 Rxc5
21. Bxd4 Rc2 22. Bc3 Bg4 23. f3 Bd7 24. d4 Bb5 25. Re1 Be2 26. f4 Bc4 27. Bf3
Rd8 28. Bd1 Rc1 29. Kf2 b5 30. Ke3 f5 31. e5 Kf7 32. Bh5+ g6 33. Bxg6+ hxg6 34.
Rxc1 Rh8 35. h4 Rc8 36. Bb4 Rc6 37. Bc5 Bd5 38. Rc2 Kg7 39. Rh2 Kh6 40. Bxa7
Rc1 41. Kd2 Rg1 42. Re2 Kg7 43. e6 Kf8 44. Bc5+ Ke8 45. Re3 Be4 46. Kc3 Rg2 47.
b3 Bc6 48. Kb4 Ra2 49. Ka5 Rb2 50. Kb6 Bd5 51. b4 Bc4 52. Kc6 Rd2 53. Kd6 Bd3
54. Ke5 Be2 55. Kf6 Bh5 56. Rc3 1-0

[Event "oibm_2008"]
[Site "Bad Wiessee"]
[Date "2008.11.08"]
[Round "8.32"]
[White "Herbold, Manfred"]
[Black "Lupor, Andre"]
[Result "0-1"]
[WhiteElo "2148"]
[BlackElo "2321"]
[PlyCount "80"]
[EventDate "2008.??.??"]

1. e4 c5 2. b4 cxb4 3. a3 d5 4. exd5 Qxd5 5. Nf3 e5 6. Bb2 Nc6 7. Bd3 Bg4 8.
Qe2 Bxf3 9. gxf3 Nf6 10. axb4 Bxb4 11. Nc3 Qd7 12. Rg1 O-O 13. Ne4 Nxe4 14.
Qxe4 f5 15. Qe3 Qe7 16. f4 Bc5 17. Qh3 Rae8 18. Kf1 Qd7 19. Rg5 g6 20. Re1 Bd4
21. Ba3 Rf6 22. Bb5 exf4 23. Qb3+ Kg7 24. Rxe8 Qxe8 25. c3 Bb6 26. d4 Qe4 27.
Qd1 Qd5 28. Be2 Re6 29. Bb2 Na5 30. Qd3 Qe4 31. c4 Qxd3 32. Bxd3 Re8 33. h4 Bd8
34. Rg1 Bxh4 35. Kg2 Bf6 36. Ra1 b6 37. Ra2 Rd8 38. Bc3 Bxd4 39. Bxa5 bxa5 40.
Re2 Kf6 0-1

[Event "oibm_2008"]
[Site "Bad Wiessee"]
[Date "2008.11.08"]
[Round "8.33"]
[White "Aepfler, Christian"]
[Black "Jaeschke, Benno"]
[Result "0-1"]
[WhiteElo "2317"]
[BlackElo "2187"]
[PlyCount "80"]
[EventDate "2008.??.??"]

1. e4 e5 2. Nf3 Nc6 3. Nc3 Nf6 4. Bb5 Bb4 5. O-O O-O 6. d3 d6 7. Bg5 Ne7 8. Nh4
c6 9. Bc4 d5 10. Bb3 Qd6 11. f4 Qc5+ 12. d4 Qxd4+ 13. Qxd4 exd4 14. Bxf6 gxf6
15. Ne2 Bc5 16. Kh1 dxe4 17. f5 Nd5 18. Ng3 Re8 19. Bxd5 cxd5 20. Nh5 Re5 21.
Nxf6+ Kg7 22. Nh5+ Kh6 23. g4 Kg5 24. Ng2 Kxg4 25. Ng3 Kg5 26. f6 Bh3 27. Rad1
Rg8 28. a4 h5 29. b4 Bxb4 30. Rxd4 Bc5 31. Rd2 Bg4 32. h4+ Kh6 33. Kh2 e3 34.
Rd3 e2 35. Rb1 b6 36. a5 Bf2 37. axb6 axb6 38. Ne1 Rg6 39. Kg2 Bc5 40. Kh2 Rxf6
0-1

[Event "oibm_2008"]
[Site "Bad Wiessee"]
[Date "2008.11.08"]
[Round "8.34"]
[White "Wagner, Florian"]
[Black "Obers, Frits"]
[Result "1-0"]
[WhiteElo "2311"]
[BlackElo "2097"]
[PlyCount "57"]
[EventDate "2008.??.??"]

1. d4 Nf6 2. c4 e6 3. Nc3 Bb4 4. Qc2 d5 5. a3 Bxc3+ 6. Qxc3 Ne4 7. Qc2 Nc6 8.
Nf3 e5 9. cxd5 Qxd5 10. e3 Qa5+ 11. Nd2 Nd6 12. b4 Qb6 13. dxe5 Nxe5 14. Bb2
Bf5 15. e4 Ng4 16. Nc4 Nxc4 17. Bxc4 Be6 18. Bxe6 Qxe6 19. Bxg7 Rg8 20. Bb2
O-O-O 21. Rc1 Rd7 22. O-O Qd6 23. e5 Nxe5 24. Qxh7 Re8 25. Rfe1 f6 26. Qf5 Ree7
27. Rcd1 Nd3 28. Rxe7 Qxe7 29. Bxf6 1-0

[Event "oibm_2008"]
[Site "Bad Wiessee"]
[Date "2008.11.08"]
[Round "8.38"]
[White "Schwarz, Hans"]
[Black "Krämer, Stefan"]
[Result "0-1"]
[WhiteElo "2084"]
[BlackElo "2264"]
[PlyCount "70"]
[EventDate "2008.??.??"]

1. e4 e6 2. d4 d5 3. Nc3 Bb4 4. e5 c5 5. Qg4 Ne7 6. a3 Bxc3+ 7. bxc3 O-O 8.
dxc5 Nd7 9. Nf3 Nxc5 10. Be3 b6 11. Be2 f5 12. exf6 Rxf6 13. Ne5 Ng6 14. Bd4
Rf4 15. Qg3 Ne4 16. Qe3 Nh4 17. Rg1 Rxf2 18. Bf3 Nf5 19. Qf4 Qc7 20. Qg4 Nxd4
21. Bxe4 Re2+ 22. Kd1 Rxe4 23. Qh5 Ba6 24. cxd4 Be2+ 25. Qxe2 Rxe2 26. Kxe2
Qxc2+ 27. Kf3 Rf8+ 28. Kg3 Qf2+ 29. Kh3 g5 30. Nf3 h5 31. Nxg5 Qf5+ 32. g4 Qxg5
33. gxh5 Rf3+ 34. Rg3 Rxg3+ 35. hxg3 Qxh5+ 0-1

[Event "oibm_2008"]
[Site "Bad Wiessee"]
[Date "2008.11.09"]
[Round "9.22"]
[White "Forchert, Martin"]
[Black "Babar, Michael"]
[Result "1-0"]
[WhiteElo "2385"]
[BlackElo "2164"]
[PlyCount "79"]
[EventDate "2008.??.??"]

1. e4 e5 2. Nf3 Nc6 3. Bb5 Nf6 4. O-O Be7 5. Re1 d6 6. d4 exd4 7. Nxd4 Bd7 8.
Bxc6 bxc6 9. Nc3 O-O 10. Qf3 Re8 11. h3 c5 12. Nf5 Bxf5 13. Qxf5 Qd7 14. Qf3
Rab8 15. b3 Qe6 16. Bb2 Bd8 17. Rad1 Rb4 18. Rd3 Nd7 19. Nd5 Rb8 20. Qd1 Ne5
21. Rde3 c6 22. Nf4 Qh6 23. Bxe5 Rxe5 24. Nd3 Re8 25. e5 Bb6 26. c4 d5 27. Qf3
Rbd8 28. Nf4 d4 29. Re4 Ba5 30. R1e2 f5 31. exf6 Rxe4 32. f7+ Kxf7 33. Rxe4 Kg8
34. Re6 Qg5 35. Nd3 Bc7 36. Qxc6 Rf8 37. Qxc7 Qf5 38. Re7 Qxd3 39. Rxg7+ Kh8
40. Rg5 1-0

[Event "oibm_2008"]
[Site "Bad Wiessee"]
[Date "2008.11.09"]
[Round "9.31"]
[White "Lochte, Thomas"]
[Black "Arnaudov, Petar G"]
[Result "0-1"]
[WhiteElo "2178"]
[BlackElo "2344"]
[PlyCount "68"]
[EventDate "2008.??.??"]
[WhiteTeam "SK Weilheim"]
[BlackTeam "Bulgarien"]
[BlackTeamCountry "BUL"]

1. e4 c5 2. d4 cxd4 3. c3 Nf6 4. e5 Nd5 5. Nf3 Nc6 6. Bc4 Nb6 7. Bb3 d5 8. exd6
Qxd6 9. cxd4 Be6 10. O-O Bxb3 11. Qxb3 e6 12. Nc3 Be7 13. Nb5 Qb8 14. g3 Nd5
15. Nc3 Nxc3 16. bxc3 O-O 17. Bf4 Qc8 18. Rab1 b6 19. Qb5 Bf6 20. Rfe1 Rd8 21.
Qd3 h6 22. h4 Qd7 23. Rb5 Ne7 24. Be5 Bxe5 25. Nxe5 Qb7 26. g4 Rac8 27. c4 Nc6
28. Nf3 a6 29. Rh5 Nb4 30. Qb3 Nc2 31. Rd1 Qe4 32. Re5 Qxg4+ 33. Kf1 Nxd4 34.
Qxb6 Qh3+ 0-1

[Event "oibm_2008"]
[Site "Bad Wiessee"]
[Date "2008.11.09"]
[Round "9.26"]
[White "Mons, Leon"]
[Black "Lupor, Andre"]
[Result "0-1"]
[WhiteElo "2082"]
[BlackElo "2321"]
[PlyCount "84"]
[EventDate "2008.??.??"]
[BlackTeamCountry "BUL"]

1. e4 c5 2. Nf3 Nc6 3. d4 cxd4 4. Nxd4 Nf6 5. Nc3 e5 6. Ndb5 d6 7. Bg5 a6 8.
Na3 b5 9. Nd5 Be7 10. Bxf6 Bxf6 11. c4 b4 12. Nc2 a5 13. g3 Bg5 14. Bg2 O-O 15.
O-O Be6 16. b3 Qb8 17. Qd3 Bd8 18. a3 bxa3 19. Rxa3 Ra7 20. Nc3 Bb6 21. Nb5 Rd7
22. Ne3 Bc5 23. Ra4 Qb6 24. Nd5 Bxd5 25. Qxd5 Nd4 26. Nxd4 Bxd4 27. Qxa5 Qxb3
28. Qb5 Rb7 29. Qxb3 Rxb3 30. Kh1 h5 31. f4 h4 32. fxe5 Bxe5 33. gxh4 Rc3 34.
Rf2 Bd4 35. Rf1 Rc2 36. Ra6 Be5 37. Ra7 Rb8 38. Raxf7 Rbb2 39. Rf8+ Kh7 40. Rg1
Bd4 41. Rff1 Bxg1 42. Rxg1 Kh6 0-1

[Event "oibm_2008"]
[Site "Bad Wiessee"]
[Date "2008.11.09"]
[Round "9.40"]
[White "Krüger, Rainer"]
[Black "Jänig, Reinhard"]
[Result "1-0"]
[WhiteElo "2216"]
[BlackElo "2140"]
[PlyCount "59"]
[EventDate "2008.??.??"]
[WhiteTeam "Erfurter Schachklub"]
[BlackTeam "SV Neu-Oelsnitz"]

1. d4 d5 2. c4 e6 3. Nf3 c6 4. g3 Nf6 5. Bg2 Nbd7 6. O-O Bd6 7. Nc3 O-O 8. a4
dxc4 9. Nd2 e5 10. Nxc4 Bc7 11. d5 cxd5 12. Nxd5 Nxd5 13. Qxd5 Nf6 14. Qxd8
Rxd8 15. Bg5 Be6 16. Rfc1 Rab8 17. Be3 b6 18. Na3 Bd6 19. Nb5 Ng4 20. Nxa7 Nxe3
21. fxe3 Rd7 22. Nc6 Re8 23. b4 Rc7 24. a5 bxa5 25. bxa5 Bd7 26. a6 e4 27. Bxe4
Rxe4 28. a7 Rxc6 29. a8=Q+ Re8 30. Rxc6 1-0

[Event "oibm_2008"]
[Site "Bad Wiessee"]
[Date "2008.11.09"]
[Round "9.30"]
[White "Kastek, Thomas"]
[Black "König, Dietrich"]
[Result "0-1"]
[WhiteElo "2184"]
[BlackElo "2353"]
[PlyCount "66"]
[EventDate "2008.??.??"]

1. c4 e6 2. g3 d5 3. Bg2 c5 4. Nf3 Nc6 5. O-O Nf6 6. b3 Bd6 7. e3 O-O 8. Bb2 d4
9. exd4 cxd4 10. d3 e5 11. Ba3 Re8 12. Bxd6 Qxd6 13. Re1 h6 14. a3 Bf5 15. Nh4
Bh7 16. Be4 Nxe4 17. dxe4 g5 18. Ng2 f5 19. Nd2 f4 20. b4 Rf8 21. Qb3 Qf6 22.
Rf1 Rad8 23. Qd3 h5 24. f3 Kh8 25. c5 fxg3 26. hxg3 h4 27. g4 Ne7 28. Kh2 Nd5
29. Rg1 Nf4 30. Nxf4 Qxf4+ 31. Kg2 Rf6 32. Rac1 Rdf8 33. b5 Qg3+ 0-1

[Event "oibm_2008"]
[Site "Bad Wiessee"]
[Date "2008.11.09"]
[Round "9.27"]
[White "Hajenius, Willem"]
[Black "de Francesco, Klaus"]
[Result "1/2-1/2"]
[WhiteElo "2045"]
[BlackElo "2345"]
[PlyCount "27"]
[EventDate "2008.??.??"]
[WhiteTeam "Mechelen"]
[BlackTeam "SK Weilheim"]

1. d4 Nf6 2. c4 e6 3. Nc3 Bb4 4. f3 d5 5. a3 Bxc3+ 6. bxc3 h6 7. e3 b6 8. cxd5
exd5 9. Bd3 O-O 10. Ne2 Re8 11. O-O Ba6 12. Ng3 Bxd3 13. Qxd3 c5 14. e4 1/2-1/2

[Event "oibm_2008"]
[Site "Bad Wiessee"]
[Date "2008.11.09"]
[Round "9.37"]
[White "Krahe, Frank"]
[Black "Hönnekes, Klaus"]
[Result "1/2-1/2"]
[WhiteElo "2230"]
[BlackElo "2148"]
[PlyCount "40"]
[EventDate "2008.??.??"]

1. e4 e6 2. d4 d5 3. e5 c5 4. c3 Nc6 5. Nf3 Qb6 6. Bd3 Bd7 7. dxc5 Bxc5 8. O-O
Qc7 9. Qe2 h6 10. h4 Nge7 11. b4 Bb6 12. a4 a5 13. b5 Nd8 14. Ba3 Bc5 15. Nbd2
b6 16. c4 Nb7 17. Bb2 O-O-O 18. Rac1 Kb8 19. g3 f5 20. exf6 Qxg3+ 1/2-1/2

[Event "oibm_2008"]
[Site "Bad Wiessee"]
[Date "2008.11.09"]
[Round "9.13"]
[White "Handke, Florian"]
[Black "Wagner, Florian"]
[Result "1-0"]
[WhiteElo "2498"]
[BlackElo "2311"]
[PlyCount "45"]
[EventDate "2008.??.??"]

1. e4 c5 2. Nf3 Nc6 3. Bb5 e6 4. O-O Nge7 5. c3 a6 6. Ba4 b5 7. Bc2 Bb7 8. Re1
d5 9. d4 cxd4 10. exd5 Nxd5 11. cxd4 Be7 12. a3 Rc8 13. Nbd2 O-O 14. Ne4 Qb6
15. b4 Rfd8 16. Nc5 a5 17. Ng5 Nf6 18. Qf3 g6 19. Nce4 Kg7 20. Qh3 h5 21. Nxf7
Kxf7 22. Ng5+ Kg7 23. Qd3 1-0

[Event "oibm_2008"]
[Site "Bad Wiessee"]
[Date "2008.11.09"]
[Round "9.28"]
[White "Haub, Thorsten Michael"]
[Black "Kick, Joachim"]
[Result "1-0"]
[WhiteElo "2454"]
[BlackElo "2190"]
[PlyCount "35"]
[EventDate "2008.??.??"]

1. Nf3 c5 2. g3 Nc6 3. d3 g6 4. Bg2 Bg7 5. O-O d6 6. e4 e5 7. c3 Nge7 8. Nbd2
O-O 9. Nh4 Be6 10. f4 exf4 11. gxf4 f5 12. Ndf3 Kh8 13. Ng5 Bg8 14. Qf3 Qd7 15.
Qh3 Rae8 16. Bd2 h6 17. Rae1 Nd8 18. exf5 1-0

[Event "oibm_2008"]
[Site "Bad Wiessee"]
[Date "2008.11.09"]
[Round "9.34"]
[White "Schweiger, Georg"]
[Black "Kempter, Ronald"]
[Result "1/2-1/2"]
[WhiteElo "2166"]
[BlackElo "2279"]
[PlyCount "31"]
[EventDate "2008.??.??"]
[WhiteTeam "SU Ebersberg-Grafing"]
[BlackTeam "SK Krumbach"]

1. d4 Nf6 2. Nc3 d5 3. Bg5 Nbd7 4. e3 c6 5. Nf3 Qb6 6. Rb1 g6 7. Bd3 Bg7 8. O-O
O-O 9. h3 Re8 10. b4 e5 11. dxe5 Nxe5 12. Nxe5 Rxe5 13. Bf4 Re8 14. Na4 Qd8 15.
Nc5 b6 16. Nb3 1/2-1/2

[Event "oibm_2008"]
[Site "Bad Wiessee"]
[Date "2008.11.09"]
[Round "9.16"]
[White "Pena Gomez, Manuel"]
[Black "Stanetzek, Carsten"]
[Result "1-0"]
[WhiteElo "2467"]
[BlackElo "2259"]
[PlyCount "103"]
[EventDate "2008.??.??"]

1. g3 d5 2. Bg2 Nf6 3. d3 e5 4. c4 Bb4+ 5. Nd2 O-O 6. cxd5 Nxd5 7. a3 Be7 8.
Ngf3 Nd7 9. O-O Re8 10. Nc4 Bf6 11. Qc2 N7b6 12. Na5 Rb8 13. e4 Ne7 14. d4 Ng6
15. dxe5 Nxe5 16. Nxe5 Bxe5 17. Rd1 Qe7 18. f4 Bd6 19. b4 Bd7 20. Bb2 Ba4 21.
Qc3 f6 22. Rd2 c5 23. Rxd6 Qxd6 24. bxc5 Qe6 25. Qb4 Nd7 26. f5 Qf7 27. Qxa4
Nxc5 28. Qd4 Qc7 29. Qc4+ Kh8 30. Nb3 Rbc8 31. Nxc5 Qxc5+ 32. Qxc5 Rxc5 33. Bd4
Rc4 34. Bxa7 Ra8 35. Bb6 g6 36. e5 fxe5 37. f6 e4 38. Rd1 Kg8 39. Rd7 Rxa3 40.
Bf1 Rc1 41. f7+ Kf8 42. Bc7 Rd3 43. Bd6+ Rxd6 44. Rxd6 Kxf7 45. Rd4 Kf6 46.
Rxe4 Rb1 47. Kf2 g5 48. Be2 h6 49. Rc4 Rb2 50. Ke3 Rb1 51. Rc2 Kf5 52. Bd3+ 1-0

[Event "oibm_2008"]
[Site "Bad Wiessee"]
[Date "2008.11.09"]
[Round "9.9"]
[White "Llaneza Vega, Marcos"]
[Black "Raykhman, Alexander"]
[Result "1/2-1/2"]
[WhiteElo "2485"]
[BlackElo "2262"]
[PlyCount "84"]
[EventDate "2008.??.??"]

1. e4 c5 2. Nc3 d6 3. Nge2 Nf6 4. g3 g6 5. Bg2 Bg7 6. O-O O-O 7. f4 Nc6 8. h3
Ne8 9. f5 Nc7 10. d3 b5 11. Nf4 b4 12. Nce2 Ne5 13. g4 Nb5 14. Nd5 Nc7 15. Nxc7
Qxc7 16. g5 Qd8 17. Qe1 f6 18. Qh4 fxg5 19. Bxg5 Bf6 20. Bxf6 exf6 21. fxg6
hxg6 22. Rf2 Kg7 23. Raf1 a5 24. Nf4 Ra7 25. Qg3 Raf7 26. c3 bxc3 27. bxc3 g5
28. d4 cxd4 29. cxd4 Nc6 30. Ne2 Ne7 31. e5 dxe5 32. dxe5 Ng6 33. exf6+ Rxf6
34. Qc3 Ba6 35. Nd4 Bxf1 36. Ne6+ Kh6 37. Nxd8 Rxf2 38. Be4 Be2 39. Qc6 R2f6
40. Qd7 Rf1+ 41. Kh2 R8f2+ 42. Kg3 Rf3+ 1/2-1/2

[Event "oibm_2008"]
[Site "Bad Wiessee"]
[Date "2008.11.09"]
[Round "9.10"]
[White "Khmelniker, Ilya"]
[Black "Henrichs, Thomas"]
[Result "1-0"]
[WhiteElo "2443"]
[BlackElo "2485"]
[PlyCount "77"]
[EventDate "2008.??.??"]

1. d4 d5 2. Nf3 c6 3. c4 dxc4 4. e3 Be6 5. Qc2 Nf6 6. Bxc4 Bxc4 7. Qxc4 Qa5+ 8.
Nc3 Qa6 9. Qxa6 Nxa6 10. Ke2 e6 11. Bd2 Be7 12. Rhc1 O-O 13. Ne5 Rfd8 14. Na4
Rac8 15. Nd3 Nd7 16. b4 Bd6 17. Rab1 f6 18. Nac5 Bxc5 19. bxc5 b6 20. Rb3 Nab8
21. Ra3 Rc7 22. Bb4 Rb7 23. cxb6 axb6 24. Ra8 e5 25. Bd6 exd4 26. exd4 Kf7 27.
a4 g5 28. Rb1 Ke6 29. Bg3 Kd5 30. a5 Re8+ 31. Kd2 Re4 32. Nb4+ Kc4 33. Nc2 c5
34. f3 Re6 35. a6 Nxa6 36. Rxa6 cxd4 37. Ra4+ Kc5 38. Nxd4 Re8 39. Rb5# 1-0

[Event "oibm_2008"]
[Site "Bad Wiessee"]
[Date "2008.11.09"]
[Round "9.12"]
[White "Graf, Felix"]
[Black "Bobras, Piotr"]
[Result "1-0"]
[WhiteElo "2287"]
[BlackElo "2565"]
[PlyCount "39"]
[EventDate "2008.??.??"]

1. d4 d5 2. c4 c6 3. Nf3 Nf6 4. Nc3 e6 5. Bg5 dxc4 6. e4 b5 7. e5 h6 8. Bh4 g5
9. exf6 gxh4 10. Ne5 Qxf6 11. a4 h3 12. gxh3 Bb7 13. Bg2 Rg8 14. Qf3 Qg7 15.
Rg1 f6 16. Ng4 f5 17. Ne5 c5 18. Qh5+ Kd8 19. O-O-O Bxg2 20. Rxg2 1-0

[Event "oibm_2008"]
[Site "Bad Wiessee"]
[Date "2008.11.09"]
[Round "9.14"]
[White "Stabolewski, Andreas"]
[Black "Farago, Ivan"]
[Result "0-1"]
[WhiteElo "2277"]
[BlackElo "2489"]
[PlyCount "50"]
[EventDate "2008.??.??"]

1. Nf3 Nf6 2. c4 b6 3. Nc3 Bb7 4. d4 e6 5. a3 d5 6. cxd5 exd5 7. g3 Bd6 8. Bg2
O-O 9. O-O Re8 10. Bg5 Nbd7 11. Nb5 Ba6 12. Qa4 Qc8 13. Rfc1 Qb7 14. b4 Bxb5
15. Qxb5 a5 16. Ne5 Bxe5 17. dxe5 Nxe5 18. Bxf6 c6 19. Bxd5 cxd5 20. Bxe5 Rxe5
21. Rc6 axb4 22. Rxb6 Qc8 23. a4 h6 24. Rd1 Qc2 25. Rxd5 Qb1+ 0-1

[Event "oibm_2008"]
[Site "Bad Wiessee"]
[Date "2008.11.09"]
[Round "9.17"]
[White "Morawietz, Dieter"]
[Black "Grant, Jonathan"]
[Result "1-0"]
[WhiteElo "2449"]
[BlackElo "2246"]
[PlyCount "69"]
[EventDate "2008.??.??"]

1. e4 c6 2. d4 d5 3. e5 Bf5 4. h4 h5 5. Bd3 Bxd3 6. Qxd3 e6 7. Nf3 Ne7 8. Bg5
Qb6 9. Nbd2 Nd7 10. O-O Nf5 11. c4 Be7 12. Bxe7 Kxe7 13. Qa3+ Kd8 14. Qc3 Ke7
15. b4 Rhd8 16. Rab1 Kf8 17. a4 dxc4 18. Nxc4 Qc7 19. Ne3 Nb6 20. Nxf5 exf5 21.
Ng5 Nd5 22. Qf3 g6 23. Rfe1 Re8 24. b5 Qa5 25. Qa3+ Kg8 26. Rec1 Rac8 27. bxc6
bxc6 28. Nf3 Qc7 29. Rc4 Qd7 30. Rbc1 Red8 31. R1c2 Kg7 32. Qc1 Ne7 33. Ne1 Rb8
34. Nd3 Rb3 35. Nc5 1-0

[Event "oibm_2008"]
[Site "Bad Wiessee"]
[Date "2008.11.09"]
[Round "9.18"]
[White "Reutsky, Sergei"]
[Black "Nagel, Bernhard"]
[Result "0-1"]
[WhiteElo "2411"]
[BlackElo "2234"]
[PlyCount "146"]
[EventDate "2008.??.??"]

1. e4 e6 2. d4 d5 3. Nc3 Nf6 4. e5 Nfd7 5. f4 c5 6. Nf3 Nc6 7. Be3 cxd4 8. Nxd4
Bc5 9. Qd2 O-O 10. O-O-O a6 11. Qf2 Bxd4 12. Bxd4 b5 13. Bd3 Nxd4 14. Qxd4 Qc7
15. Rhe1 Qc5 16. Ne2 b4 17. f5 Qxd4 18. Nxd4 Nc5 19. f6 g6 20. Nc6 a5 21. Ne7+
Kh8 22. Re3 Re8 23. Rh3 Ra7 24. Rf1 Raxe7 25. fxe7 Kg7 26. Rf4 Nxd3+ 27. cxd3
Rxe7 28. Rfh4 Rc7+ 29. Kd2 h5 30. g4 f5 31. exf6+ Kxf6 32. gxh5 e5 33. Rg3 g5
34. Rf3+ Kg7 35. h6+ Kh7 36. Rh5 Bg4 37. Rhh3 Bxh3 38. Rxh3 Rf7 39. Ke3 Kg6 40.
a3 bxa3 41. bxa3 Rh7 42. Rf3 Rxh6 43. Rf2 Rh4 44. Rg2 Ra4 45. Ra2 Kh5 46. Kf3
Rd4 47. Ke3 Rh4 48. Rf2 Rh3+ 49. Kd2 e4 50. dxe4 dxe4 51. Re2 Rxa3 52. Rxe4
Ra2+ 53. Ke3 Ra1 54. Kf2 Kg6 55. Re5 a4 56. Ra5 Kh5 57. Ra8 Kg4 58. Kg2 Ra2+
59. Kg1 a3 60. Ra7 Kf3 61. Rf7+ Ke3 62. Ra7 Kd3 63. Rd7+ Kc2 64. Ra7 Ra1+ 65.
Kf2 Kb2 66. Rb7+ Ka2 67. Ke3 Rh1 68. Rb5 Rxh2 69. Rxg5 Kb1 70. Rg1+ Kb2 71. Rg8
a2 72. Rb8+ Kc1 73. Ra8 Kb1 0-1

[Event "oibm_2008"]
[Site "Bad Wiessee"]
[Date "2008.11.09"]
[Round "9.20"]
[White "Jugelt, Tobias"]
[Black "Ehrke, Michael"]
[Result "1-0"]
[WhiteElo "2394"]
[BlackElo "2211"]
[PlyCount "59"]
[EventDate "2008.??.??"]

1. d4 d5 2. c4 Bf5 3. cxd5 Bxb1 4. Qa4+ Qd7 5. Qxd7+ Nxd7 6. Rxb1 Ngf6 7. e3
Nxd5 8. Ne2 c6 9. Nc3 N7f6 10. Be2 e6 11. Bf3 Be7 12. Ke2 Kd7 13. e4 Nb6 14.
Bf4 Rhd8 15. Rhd1 Rac8 16. g4 Ke8 17. g5 Nfd7 18. h4 c5 19. d5 e5 20. Bg3 Bd6
21. Bg4 Ra8 22. Nb5 Ke7 23. Nxd6 Kxd6 24. f4 f6 25. Rf1 Rf8 26. Rf3 Ke7 27.
Rbf1 exf4 28. Bxf4 Ne5 29. Bxe5 fxe5 30. d6+ 1-0

[Event "oibm_2008"]
[Site "Bad Wiessee"]
[Date "2008.11.09"]
[Round "9.21"]
[White "Stavrianakis, Ioannis"]
[Black "Meister, Peter"]
[Result "0-1"]
[WhiteElo "2192"]
[BlackElo "2388"]
[PlyCount "64"]
[EventDate "2008.??.??"]

1. d4 d5 2. c4 dxc4 3. Nc3 a6 4. a4 e5 5. d5 Bb4 6. e3 Nf6 7. Bxc4 c6 8. dxc6
Qxd1+ 9. Kxd1 Nxc6 10. Na2 Be7 11. Bd2 O-O 12. Nf3 e4 13. Ne1 Ne5 14. Bb3 Rd8
15. Kc2 Nfg4 16. f4 exf3 17. gxf3 Bf5+ 18. Kd1 Nf2+ 19. Ke2 Nxh1 20. Bc3 Ng6
21. e4 Nf4+ 22. Kf1 Bh3+ 23. Kg1 Ne2+ 24. Kxh1 Nxc3 25. Nxc3 Rd2 26. Rb1 Bh4
27. e5 Rad8 28. Ne4 Re2 29. Nc2 Bg2+ 30. Kg1 Bxf3 31. Nd6 Rg2+ 32. Kf1 Rxh2 0-1

[Event "oibm_2008"]
[Site "Bad Wiessee"]
[Date "2008.11.09"]
[Round "9.23"]
[White "Jussupow, Ekaterina"]
[Black "Kummerow, Heiko"]
[Result "1-0"]
[WhiteElo "2140"]
[BlackElo "2357"]
[PlyCount "82"]
[EventDate "2008.??.??"]

1. d4 Nf6 2. Nf3 g6 3. c4 Bg7 4. Nc3 O-O 5. Bg5 d6 6. e3 h6 7. Bh4 c5 8. d5 Na6
9. Be2 Nc7 10. O-O g5 11. Bg3 Nh5 12. Bd3 Nxg3 13. fxg3 e6 14. dxe6 Bxe6 15.
Qc2 Qe7 16. Rad1 Rad8 17. e4 Rfe8 18. Rde1 Qd7 19. Nd2 Rb8 20. Nd5 Qd8 21. Qd1
Bxb2 22. Qh5 Bg7 23. Re2 Bxd5 24. exd5 Rf8 25. Kh1 Ne8 26. Ref2 Qe7 27. Ne4 f6
28. Qg6 Rf7 29. g4 f5 30. Rxf5 Rxf5 31. Rxf5 b5 32. cxb5 c4 33. Bc2 Rxb5 34.
Rf1 Rxd5 35. Nxd6 Nf6 36. Nf5 Qd7 37. Nxh6+ Kh8 38. Nf7+ Kg8 39. Nxg5 Qxg4 40.
Qf7+ Kh8 41. Rxf6 Qxg2+ 1-0